| 000 | 00748nam a2200265Ia 4500 | ||
|---|---|---|---|
| 003 | OSt | ||
| 005 | 20220924120943.0 | ||
| 006 | a|||||r|||| 00| 0 | ||
| 007 | ta | ||
| 008 | 220923b |||||||| |||| 00| 0 urd d | ||
| 020 | _a8187231726 (hbk) | ||
| 020 | _c100.00 | ||
| 024 | _a316018 | ||
| 037 | _cTextual | ||
| 040 |
_aARTS _cARTS _burd |
||
| 041 |
_2urd _aurd |
||
| 082 | _aO168,1NDEx, P6 | ||
| 100 |
_aShad Munshi Bishan Dayal _9183762 |
||
| 245 | 0 | _aMata-e-Shad | |
| 260 |
_aDelhi _bTakhleeqkar Publihsers India _c2006 |
||
| 650 | _aURDU POETRY | ||
| 700 |
_a Swaraj Prakash Co. _9183763 |
||
| 942 |
_hO168,1NDEx, P6 _cTEXL _2CC |
||
| 999 |
_c405148 _d405148 |
||